<?xml version="1.0" encoding="UTF-8"?>
<collection xmlns="http://www.loc.gov/MARC21/slim">
 <record>
  <leader>02883aam a22003618a 4500</leader>
  <controlfield tag="001">NCT_10618</controlfield>
  <controlfield tag="008">120404s2011                  ||||||viesd</controlfield>
  <datafield tag="999" ind1=" " ind2=" ">
   <subfield code="c">512</subfield>
   <subfield code="d">512</subfield>
  </datafield>
  <datafield tag="020" ind1=" " ind2=" ">
   <subfield code="c">97000</subfield>
  </datafield>
  <datafield tag="082" ind1="0" ind2="4">
   <subfield code="2">23rd ed.</subfield>
   <subfield code="a">615.1</subfield>
   <subfield code="b">H401</subfield>
  </datafield>
  <datafield tag="100" ind1="1" ind2=" ">
   <subfield code="a">Đặng Văn Hoà</subfield>
   <subfield code="e">Chủ biên</subfield>
  </datafield>
  <datafield tag="245" ind1="0" ind2="0">
   <subfield code="a">Kiểm nghiệm thuốc :</subfield>
   <subfield code="b">Dùng cho đào tạo dược sĩ đại học</subfield>
   <subfield code="c">Chủ biên: Đặng Văn Hoà, Vĩnh Định </subfield>
  </datafield>
  <datafield tag="250" ind1=" " ind2=" ">
   <subfield code="a">Tái bản lần thứ 2</subfield>
  </datafield>
  <datafield tag="260" ind1=" " ind2=" ">
   <subfield code="a">H.</subfield>
   <subfield code="b">Giáo dục</subfield>
   <subfield code="c">2014</subfield>
  </datafield>
  <datafield tag="300" ind1=" " ind2=" ">
   <subfield code="a">371tr.</subfield>
   <subfield code="b">minh hoạ</subfield>
   <subfield code="c">27cm</subfield>
  </datafield>
  <datafield tag="500" ind1=" " ind2=" ">
   <subfield code="a">ĐTTS ghi: Bộ Y tế</subfield>
  </datafield>
  <datafield tag="520" ind1="3" ind2=" ">
   <subfield code="a">Trình bày một số nội dung cơ bản về công tác đảm bảo chất lượng thuốc, công tác tiêu chuẩn và kiểm nghiệm thuốc. Giới thiệu một số phép thử thường áp dụng trong Dược điển Việt Nam 4 và phương pháp kiểm nghiệm các dạng bào chế: thuốc bột, thuốc cốm, viên nang, viên nén, thuốc mềm dùng trên da  và niêm mạc...</subfield>
  </datafield>
  <datafield tag="653" ind1=" " ind2=" ">
   <subfield code="a">Dược học</subfield>
  </datafield>
  <datafield tag="700" ind1="0" ind2=" ">
   <subfield code="a">Vĩnh Định</subfield>
   <subfield code="e">Chủ biên</subfield>
  </datafield>
  <datafield tag="700" ind1="1" ind2=" ">
   <subfield code="a">Võ Thị Bạch Huệ</subfield>
  </datafield>
  <datafield tag="700" ind1="1" ind2=" ">
   <subfield code="a">Nguyễn Đức Tuấn</subfield>
  </datafield>
  <datafield tag="700" ind1="1" ind2=" ">
   <subfield code="a">Nguyễn Thị Hồng Hương</subfield>
  </datafield>
  <datafield tag="942" ind1=" " ind2=" ">
   <subfield code="2">ddc</subfield>
   <subfield code="c">BK</subfield>
  </datafield>
  <datafield tag="952" ind1=" " ind2=" ">
   <subfield code="0">0</subfield>
   <subfield code="1">0</subfield>
   <subfield code="2">ddc</subfield>
   <subfield code="4">0</subfield>
   <subfield code="6">615_100000000000000_H401</subfield>
   <subfield code="7">0</subfield>
   <subfield code="9">3589</subfield>
   <subfield code="a">000001</subfield>
   <subfield code="b">000001</subfield>
   <subfield code="d">2017-11-13</subfield>
   <subfield code="o">615.1 H401</subfield>
   <subfield code="p">MD.06153</subfield>
   <subfield code="r">2018-09-10</subfield>
   <subfield code="v">97000.00</subfield>
   <subfield code="w">2017-11-13</subfield>
   <subfield code="y">BK</subfield>
  </datafield>
  <datafield tag="952" ind1=" " ind2=" ">
   <subfield code="0">0</subfield>
   <subfield code="1">0</subfield>
   <subfield code="2">ddc</subfield>
   <subfield code="4">0</subfield>
   <subfield code="6">615_100000000000000_H401</subfield>
   <subfield code="7">0</subfield>
   <subfield code="9">3590</subfield>
   <subfield code="a">000001</subfield>
   <subfield code="b">000001</subfield>
   <subfield code="d">2017-11-13</subfield>
   <subfield code="l">4</subfield>
   <subfield code="o">615.1 H401</subfield>
   <subfield code="p">MD.06154</subfield>
   <subfield code="r">2020-01-15</subfield>
   <subfield code="s">2020-01-10</subfield>
   <subfield code="v">97000.00</subfield>
   <subfield code="w">2017-11-13</subfield>
   <subfield code="y">BK</subfield>
  </datafield>
  <datafield tag="952" ind1=" " ind2=" ">
   <subfield code="0">0</subfield>
   <subfield code="1">0</subfield>
   <subfield code="2">ddc</subfield>
   <subfield code="4">0</subfield>
   <subfield code="6">615_100000000000000_H401</subfield>
   <subfield code="7">0</subfield>
   <subfield code="9">3591</subfield>
   <subfield code="a">000001</subfield>
   <subfield code="b">000001</subfield>
   <subfield code="d">2017-11-13</subfield>
   <subfield code="l">6</subfield>
   <subfield code="o">615.1 H401</subfield>
   <subfield code="p">MD.06155</subfield>
   <subfield code="r">2020-09-11</subfield>
   <subfield code="s">2020-08-28</subfield>
   <subfield code="v">97000.00</subfield>
   <subfield code="w">2017-11-13</subfield>
   <subfield code="y">BK</subfield>
  </datafield>
  <datafield tag="952" ind1=" " ind2=" ">
   <subfield code="0">0</subfield>
   <subfield code="1">0</subfield>
   <subfield code="2">ddc</subfield>
   <subfield code="4">0</subfield>
   <subfield code="6">615_100000000000000_H401</subfield>
   <subfield code="7">0</subfield>
   <subfield code="9">3592</subfield>
   <subfield code="a">000001</subfield>
   <subfield code="b">000001</subfield>
   <subfield code="d">2017-11-13</subfield>
   <subfield code="l">5</subfield>
   <subfield code="m">1</subfield>
   <subfield code="o">615.1 H401</subfield>
   <subfield code="p">MD.06156</subfield>
   <subfield code="r">2020-01-15</subfield>
   <subfield code="s">2020-01-10</subfield>
   <subfield code="v">97000.00</subfield>
   <subfield code="w">2017-11-13</subfield>
   <subfield code="y">BK</subfield>
  </datafield>
  <datafield tag="952" ind1=" " ind2=" ">
   <subfield code="0">0</subfield>
   <subfield code="1">0</subfield>
   <subfield code="2">ddc</subfield>
   <subfield code="4">0</subfield>
   <subfield code="6">615_100000000000000_H401</subfield>
   <subfield code="7">0</subfield>
   <subfield code="9">3593</subfield>
   <subfield code="a">000001</subfield>
   <subfield code="b">000001</subfield>
   <subfield code="d">2017-11-13</subfield>
   <subfield code="l">5</subfield>
   <subfield code="o">615.1 H401</subfield>
   <subfield code="p">MD.06161</subfield>
   <subfield code="r">2020-08-29</subfield>
   <subfield code="s">2020-08-20</subfield>
   <subfield code="v">97000.00</subfield>
   <subfield code="w">2017-11-13</subfield>
   <subfield code="y">BK</subfield>
  </datafield>
  <datafield tag="952" ind1=" " ind2=" ">
   <subfield code="0">0</subfield>
   <subfield code="1">0</subfield>
   <subfield code="2">ddc</subfield>
   <subfield code="4">0</subfield>
   <subfield code="6">615_100000000000000_H401</subfield>
   <subfield code="7">0</subfield>
   <subfield code="9">3594</subfield>
   <subfield code="a">000001</subfield>
   <subfield code="b">000001</subfield>
   <subfield code="d">2017-11-13</subfield>
   <subfield code="l">6</subfield>
   <subfield code="m">1</subfield>
   <subfield code="o">615.1 H401</subfield>
   <subfield code="p">MD.06158</subfield>
   <subfield code="r">2021-04-15</subfield>
   <subfield code="s">2021-04-08</subfield>
   <subfield code="v">97000.00</subfield>
   <subfield code="w">2017-11-13</subfield>
   <subfield code="y">BK</subfield>
  </datafield>
  <datafield tag="952" ind1=" " ind2=" ">
   <subfield code="0">0</subfield>
   <subfield code="1">0</subfield>
   <subfield code="2">ddc</subfield>
   <subfield code="4">0</subfield>
   <subfield code="6">615_100000000000000_H401</subfield>
   <subfield code="7">0</subfield>
   <subfield code="9">6386</subfield>
   <subfield code="a">000001</subfield>
   <subfield code="b">000001</subfield>
   <subfield code="d">2018-01-24</subfield>
   <subfield code="l">5</subfield>
   <subfield code="o">615.1 H401</subfield>
   <subfield code="p">MD.06157</subfield>
   <subfield code="r">2018-09-03</subfield>
   <subfield code="s">2018-08-21</subfield>
   <subfield code="v">97000.00</subfield>
   <subfield code="w">2018-01-24</subfield>
   <subfield code="y">BK</subfield>
  </datafield>
  <datafield tag="952" ind1=" " ind2=" ">
   <subfield code="0">0</subfield>
   <subfield code="1">0</subfield>
   <subfield code="2">ddc</subfield>
   <subfield code="4">0</subfield>
   <subfield code="6">615_100000000000000_H401</subfield>
   <subfield code="7">0</subfield>
   <subfield code="9">7115</subfield>
   <subfield code="a">000001</subfield>
   <subfield code="b">000001</subfield>
   <subfield code="d">2018-04-17</subfield>
   <subfield code="l">6</subfield>
   <subfield code="o">615.1 H401</subfield>
   <subfield code="p">MD.06159</subfield>
   <subfield code="r">2020-10-15</subfield>
   <subfield code="s">2020-10-02</subfield>
   <subfield code="v">97000.00</subfield>
   <subfield code="w">2018-04-17</subfield>
   <subfield code="y">BK</subfield>
  </datafield>
  <datafield tag="952" ind1=" " ind2=" ">
   <subfield code="0">0</subfield>
   <subfield code="1">0</subfield>
   <subfield code="2">ddc</subfield>
   <subfield code="4">0</subfield>
   <subfield code="6">615_100000000000000_H401</subfield>
   <subfield code="7">0</subfield>
   <subfield code="9">18458</subfield>
   <subfield code="a">000001</subfield>
   <subfield code="b">000001</subfield>
   <subfield code="d">2020-01-09</subfield>
   <subfield code="l">1</subfield>
   <subfield code="o">615.1 H401</subfield>
   <subfield code="p">MD.06160</subfield>
   <subfield code="r">2020-01-14</subfield>
   <subfield code="s">2020-01-09</subfield>
   <subfield code="v">97000.00</subfield>
   <subfield code="w">2020-01-09</subfield>
   <subfield code="y">BK</subfield>
  </datafield>
  <datafield tag="980" ind1=" " ind2=" ">
   <subfield code="a">Thư viện Trường Đại học Nam Cần Thơ</subfield>
  </datafield>
 </record>
</collection>
